Distribution of plant communities in Egypt /

محفوظ في:

المؤلف الرئيسي: Hạsīb, Muhạmmad, 1903-

التنسيق: كتاب

اللغة: English

منشور في: Cairo : Fouad I University Press, 1951.

الموضوعات:

الوسوم: إضافة وسم

لا توجد وسوم, كن أول من يضع وسما على هذه التسجيلة!

رقم الطلب: QK966 .E3 H3

LEADER 00702nam a22002057a 4500
003 OSt
005 20251117133348.0
008 251117r19511950ua ab b 000 0 eng d
040 |c ARCE Library 
050 1 4 |a QK966 .E3  |b H3 
100 1 |a Hạsīb, Muhạmmad,   |d 1903- 
245 1 0 |a Distribution of plant communities in Egypt /   |c by Mohammed Hassib. 
264 1 |a Cairo :  |b Fouad I University Press,  |c 1951. 
300 |a 59-261 p. :   |b illus., 2 fold. maps. ;   |c 25 cm. 
500 |a "Reprinted from the Bulletin of the Faculty of Science, no. 29, Fouad I University, 1950.". 
504 |a Bibliography: p. 259-261. 
650 0 |a Phytogeography -- Egypt. 
901 |a reviewed 
942 |2 lcc  |c BK 
999 |c 48742  |d 48742